Vitesse - Tapez les lettres le plus vite possible - Statistiques

Statistiques générales
  • Ce quiz a été pris 263 fois
  • Le résultat moyen est 37 sur 65
Statistiques - réponses
Lettre Lettre % Correct
A A
100%
G G
100%
H H
100%
I I
100%
K K
100%
M M
100%
N N
100%
R R
100%
T T
100%
V V
100%
X X
100%
J J
99%
W W
99%
Q Q
98%
S S
97%
Y Y
97%
H H
96%
S S
96%
F F
93%
D D
91%
O O
90%
P P
90%
B B
89%
C C
89%
K K
86%
U U
86%
L L
85%
S S
83%
Z Z
76%
N N
71%
M M
70%
O O
66%
T T
63%
Y Y
62%
E E
59%
L L
56%
U U
50%
J J
44%
R R
42%
A A
40%
W W
36%
V V
32%
M M
29%
P P
26%
I I
24%
H H
23%
T T
23%
A A
17%
Y Y
17%
Q Q
15%
F F
14%
F F
14%
H H
12%
N N
12%
P P
11%
H H
9%
X X
7%
N N
6%
V V
6%
A A
5%
I I
5%
J J
5%
T T
5%
U U
5%
G G
4%
Aucun quiz correspondant
Distribution des résultats
% des personnes avec chaque résultat
Percentile par nombre de réponses
Votre historique - résultats
Vous n’avez pas pris ce quiz